<?xml version="1.0" encoding="UTF-8"?>
<record
    xmlns:xsi="http://www.w3.org/2001/XMLSchema-instance"
    xsi:schemaLocation="http://www.loc.gov/MARC21/slim http://www.loc.gov/standards/marcxml/schema/MARC21slim.xsd"
    xmlns="http://www.loc.gov/MARC21/slim">

  <leader>00710nab a2200193 uc4500</leader>
  <controlfield tag="001">330027</controlfield>
  <controlfield tag="005">20251002100333.0</controlfield>
  <controlfield tag="008">990210e19970901                    spa  </controlfield>
  <datafield tag="035" ind1=" " ind2=" ">
    <subfield code="a">330027</subfield>
  </datafield>
  <datafield tag="035" ind1=" " ind2=" ">
    <subfield code="a">(OCoLC)819772272</subfield>
  </datafield>
  <datafield tag="040" ind1=" " ind2=" ">
    <subfield code="c">comduadb</subfield>
  </datafield>
  <datafield tag="041" ind1=" " ind2=" ">
    <subfield code="a">spa</subfield>
  </datafield>
  <datafield tag="100" ind1="1" ind2="0">
    <subfield code="a">Faulkener, Willard R.</subfield>
    <subfield code="4">aut</subfield>
    <subfield code="e">aut</subfield>
    <subfield code="9">512035</subfield>
  </datafield>
  <datafield tag="245" ind1="1" ind2="0">
    <subfield code="a">Pruebas de laboratorio para diagnostico de la Enfermedad de Alzheimer</subfield>
  </datafield>
  <datafield tag="650" ind1=" " ind2="7">
    <subfield code="a">Diagn&#xF3;stico de laboratorio</subfield>
    <subfield code="2">lemb</subfield>
    <subfield code="9">40299</subfield>
  </datafield>
  <datafield tag="650" ind1=" " ind2="7">
    <subfield code="a">Enfermedad de Alzheimer</subfield>
    <subfield code="2">dcs</subfield>
    <subfield code="9">13367</subfield>
  </datafield>
  <datafield tag="773" ind1="0" ind2=" ">
    <subfield code="t">Acta Bioqu&#xED;mica Cl&#xED;nica Latinoamericana (Buenos Aires)</subfield>
    <subfield code="g">Volumen 31, N&#xFA;mero 03, Septiembre 1997, p. 305-310</subfield>
    <subfield code="w">(CO-MdUADB)6294</subfield>
    <subfield code="x">0325-2957</subfield>
    <subfield code="0">2938</subfield>
    <subfield code="9">576307</subfield>
    <subfield code="o">6-437047</subfield>
  </datafield>
  <datafield tag="999" ind1=" " ind2=" ">
    <subfield code="c">114334</subfield>
    <subfield code="d">114334</subfield>
  </datafield>
  <datafield tag="942" ind1=" " ind2=" ">
    <subfield code="c">ARIMP</subfield>
  </datafield>
</record>
